000 00532nam a2200217Ia 4500
003 OSt
005 20220928140133.0
006 a|||||r|||| 00| 0
007 ta
008 220927b |||||||| |||| 00| 0 eng d
024 _a6796
037 _cTextual
040 _aSDCL
_cSDCL
_beng
041 _2eng
_aeng
082 _aX:72, L5
100 _aLippitt Vernon G
_9494093
245 0 _aNational economic environment
260 _c1975
942 _hX:72, L5
_cTEXL
_2CC
999 _c809972
_d809972